Music Quiz

Random Music or Song Quiz

'Weird Al' Yankovic songs Quiz Stats

 Plays Quiz not verified by Sporcle

Score 0/166 Timer 20:00
0 Plays Today
Album Name Song Title % Correct
Even WorseFat
97.4%
'Weird Al' Yankovic in 3-DEat It
94.1%
Straight Outta LynwoodWhite and Nerdy
93.3%
Bad Hair DayAmish Paradise
92.2%
Dare To Be StupidDare To Be Stupid
91.9%
Off the Deep EndSmells Like Nirvana
91.5%
AlapaloozaJurassic Park
90.4%
Running With ScissorsThe Saga Begins
90%
Mandatory FunTacky
88%
UHFUHF
87.8%
'Weird Al' YankovicAnother One Rides the Bus
86.7%
Dare To Be StupidLike a Surgeon
85.9%
Dare To Be StupidYoda
83.7%
Running With ScissorsAlbuquerque
83.7%
Polka Party!Polka Party!
83%
Bad Hair DayThe Night Santa Went Crazy
82.6%
UHFMoney For Nothing/Beverly Hillbillies
81.1%
Poodle HateBay
80.7%
Running With ScissorsGrapefruit Diet
80.4%
Straight Outta LynwoodTrapped in the Drive-Thru
80.4%
'Weird Al' YankovicRicky
79.6%
'Weird Al' YankovicI Love Rocky Road
79.6%
Dare To Be StupidOne More Minute
79.6%
Running With ScissorsIt's All About the Pentiums
79.3%
'Weird Al' YankovicMy Bologna
78.9%
'Weird Al' Yankovic in 3-DI Lost on Jeopardy
78.9%
Off the Deep EndPolka Your Eyes Out
78.9%
AlapaloozaBohemian Polka
78.5%
Poodle HatAngry White Boy Polka
78.5%
Polka Party!Christmas at Ground Zero
78.1%
Bad Hair DayGump
78.1%
Poodle HatCouch Potato
78.1%
Bad Hair DayPhony Calls
77.8%
Polka Party!Living With a Hernia
77%
Even WorseLasagna
76.3%
Running With ScissorsPretty Fly For a Rabbi
76.3%
OtherHeadline News
76%
Mandatory FunInactive
76%
'Weird Al' Yankovic in 3-DNature Trail to Hell
75.9%
Off the Deep EndYou Don't Love Me Anymore
75.9%
Running With ScissorsMy Baby's In Love With Eddie Vedder
75.9%
Poodle HatBob
75.9%
AlapaloozaBedrock Anthem
75.6%
Poodle HatGenius In France
75.6%
Even WorseStuck in the Closet With Vanna White
75.2%
Bad Hair DayEverything You Know Is Wrong
75.2%
Running With ScissorsJerry Springer
75.2%
Poodle HatHardware Store
75.2%
Off the Deep EndThe White Stuff
74.8%
Dare To Be StupidGirls Just Want to Have Lunch
74.4%
Running With ScissorsYour Horoscope For Today
74.4%
Even WorseMelanie
74.1%
Off the Deep EndTaco Grande
74.1%
Bad Hair DayThe Alternative Polka
74.1%
Poodle HatA Complicated Song
74.1%
Straight Outta LynwoodCanadian Idiot
74.1%
Album Name Song Title % Correct
Straight Outta LynwoodDon't Download This Song
74.1%
AlapaloozaHarvey the Wonder Hamster
73.7%
'Weird Al' Yankovic in 3-DThe Brady Bunch
73.3%
Dare To Be StupidI Want a New Duck
73.3%
UHFSpam
73.3%
'Weird Al' Yankovic in 3-DPolkas on 45
73%
AlpocalypsePolka Face
73%
UHFThe Biggest Ball of Twine in Minnesota
72.6%
AlapaloozaFrank's 2000 Inch TV
72.6%
Running With ScissorsThe Weird Al Show Theme
72.6%
'Weird Al' Yankovic in 3-DTheme From Rocky XIII
72.2%
Even WorseI Think I'm a Clone Now
72.2%
Running With ScissorsGerms
72.2%
Mandatory FunJackson Park Express
72%
Off the Deep EndI Can't Watch This
71.9%
AlpocalypsePerform This Way
71.9%
'Weird Al' YankovicMr. Frump In the Iron Lung
71.5%
Off the Deep EndTrigger Happy
71.5%
Straight Outta LynwoodPancreas
71.5%
Straight Outta LynwoodWeasel Stomping Day
71.5%
Running With ScissorsPolka Power!
71.1%
Poodle HatOde To a Superhero
71.1%
Straight Outta LynwoodDo I Creep You Out
71.1%
Even Worse(This Song's Just) Six Words Long
70.7%
Straight Outta LynwoodI'll Sue Ya
70.7%
Polka Party!Addicted To Spuds
70.4%
AlapaloozaAchy Breaky Song
70.4%
'Weird Al' YankovicHappy Birthday
70%
Bad Hair DayI Remember Larry
70%
AlpocalypseParty In the CIA
70%
Running With ScissorsTruck Drivin' Song
69.6%
Straight Outta LynwoodClose But No Cigar
69.6%
'Weird Al' YankovicStop Draggin' My Car Around
68.9%
Polka Party!Toothless People
68.9%
Poodle HatTrash Day
68.9%
Straight Outta LynwoodVirus Alert
68.9%
AlpocalypseTMZ
68.9%
UHFThe Hot Rocks Polka
68.5%
UHFSpatula City
68.1%
Straight Outta LynwoodPolkarama!
68.1%
AlpocalypseCNR
68.1%
Mandatory FunMission Statement
68%
Dare To Be StupidThis Is the Life
67.8%
Even WorseTwister
67.8%
Even WorseAlimony
67.4%
Even WorseGood Old Days
67.4%
AlapaloozaLivin' In the Fridge
67.4%
AlpocalypseCraigslist
67.4%
Dare To Be StupidGeorge of the Jungle
67%
Bad Hair DaySince You've Been Gone
67%
Poodle HatWhy Does This Always Happen To Me?
67%
'Weird Al' Yankovic in 3-DMidnight Star
66.7%
'Weird Al' Yankovic in 3-DMr. Popeil
66.7%
Straight Outta LynwoodConfessions Part III
66.7%
Bad Hair DaySyndicated Incorporated
66.3%
AlpocalypseSkipper Dan
66.3%
Album Name Song Title % Correct
'Weird Al' Yankovic in 3-DKing of Suede
65.9%
'Weird Al' YankovicGotta Boogie
65.6%
Polka Party!Dog Eat Dog
65.6%
Even WorseVelvet Elvis
65.6%
Bad Hair DayCavity Search
65.6%
'Weird Al' Yankovic in 3-DBuy Me a Condo
65.2%
Off the Deep EndAirline Amy
65.2%
'Weird Al' YankovicBuckingham Blues
64.8%
Even WorseYou Make Me
64.8%
UHFGandhi II
64.8%
Off the Deep EndThe Plumbing Song
64.8%
Dare To Be StupidCable TV
64.1%
UHFLet Me Be Your Hog
64.1%
Poodle HatParty at the Leper Colony
64.1%
Mandatory FunSports Song
64%
Mandatory FunWord Crimes
64%
Mandatory FunNow That's What I Call Polka!
64%
Mandatory FunFirst World Problems
64%
Dare To Be StupidSlime Creatures From Outer Space
63.7%
Polka Party!Here's Johnny
63.7%
UHFShe Drives Like Crazy
63.3%
Off the Deep EndWhen I Was Your Age
63.3%
'Weird Al' YankovicI'll Be Mellow When I'm Dead
62.6%
AlapaloozaYoung, Dumb & Ugly
62.6%
AlapaloozaTraffic Jam
62.6%
AlapaloozaWaffle King
62.2%
'Weird Al' Yankovic in 3-DThat Boy Could Dance
61.9%
'Weird Al' YankovicThe Check's In the Mail
61.9%
'Weird Al' YankovicSuch a Groovy Guy
61.9%
UHFIsle Thing
61.9%
UHFFun Zone
61.9%
AlapaloozaTalk Soup
61.5%
Dare To Be StupidHooked On Polkas
61.1%
UHFAttack of the Radioactive Hamsters From a Planet Near Mars
61.1%
UHFGeneric Blues
60.7%
Poodle HatWanna B Ur Lovr
60.7%
Bad Hair DayCallin' In Sick
60.4%
OtherSpy Hard
60%
Mandatory FunMy Own Eyes
60%
AlapaloozaShe Never Told Me She Was a Mime
59.6%
Polka Party!Good Enough For Now
58.9%
Polka Party!Don't Wear Those Shoes
58.5%
Off the Deep EndI Was Only Kidding
58.5%
Bad Hair DayI'm So Sick of You
57.8%
Polka Party!One of Those Days
56.3%
OtherPolkamon
56%
AlpocalypseRingtone
16.7%
Mandatory FunLame Claim to Fame
16.7%
Mandatory FunHandy
16.7%
AlpocalypseAnother Tattoo
14.4%
AlpocalypseWhatever You Like
14.4%
AlpocalypseStop Forwarding That Crap To Me
14.4%
AlpocalypseIf That Isn't Love
13.7%
Mandatory FunFoil
12.6%

You're not logged in!

Compare scores with friends on all Sporcle quizzes.
OR
Log In

You Might Also Like...

Show Comments

Extras

Top Quizzes Today


Score Distribution

Your Account Isn't Verified!

In order to create a playlist on Sporcle, you need to verify the email address you used during registration. Go to your Sporcle Settings to finish the process.

Report this User

Report this user for behavior that violates our Community Guidelines.

Details: